Rádiotechnická príručka určená je inžiniersko-techn. a stredno-techn. prac. výskum. a projekt. ústavov ... posl. vys. a priem. škôl a vyspelým rádioamatérom 5

Bibliographic Details
Other Authors: Fortuna, Ján (Translator)
Format: Book
Language:Slovak
German
PhysicalDescription:444, [4] s. grafy, sch., tab. 12°
Published: Bratislava Alfa 1974
Series:Edícia elektrotechnickej literatúry
Subjects:

MARC

LEADER 00000cam a2200000 a 4500
001 vtls008352317
003 SK-MaSNL
005 20260302085934.0
008 251124s1974 xo 000 0 slo
015 |a SNBA1974/07-01910 
035 |a SK01SNK19740044534 
035 |a urn:nbn:sk:snk-am3ibhc 
035 |a urn:nbn:sk:snk-am00e0y6 
035 |a 3E3D8C0B-4F43-42EC-A78A-B945B84B4E1F 
035 |a SKM000046997 
040 |a SNK  |b slo  |c SNK  |e AACR2 
041 1 |a slo  |h ger 
044 |a xo  |c SK 
080 |a 621.396(035)  |2 1981 
240 1 0 |a Telefunken Laborbuch 5  |l Slovensky 
245 1 0 |a Rádiotechnická príručka  |n 5  |b určená je inžiniersko-techn. a stredno-techn. prac. výskum. a projekt. ústavov ... posl. vys. a priem. škôl a vyspelým rádioamatérom  |c z nem. orig. Telefunken Laborbuch 5. ... prel. Ján Fortuna 
260 |a Bratislava  |b Alfa  |c 1974  |e Brno  |f Tisk 1 
300 |a 444, [4] s.  |b grafy, sch., tab.  |c 12° 
490 0 |a Edícia elektrotechnickej literatúry 
500 |a Pozn. Tb. Grafy. Schémy 
563 |a 10000 výtl. 
650 0 7 |a rádiotechnika  |2 SNKPH  |9 67796 
655 7 |a príručky  |2 SNKPH  |9 74364 
700 1 |a Fortuna, Ján  |4 trl  |9 515052 
730 |a Telefunken Laborbuch 5  |9 756729 
830 0 |a Edícia elektrotechnickej literatúry  |9 270875 
852 |a Slovenská národná knižnica 
919 |a viaz. 
958 |a OND 
958 |a RK 
958 |a TL 
958 |a OP 
958 |a DE 
999 |c 1194513  |d 1196443 
952 |a SNK  |b SNK  |y VYP  |7 0  |p 17A0575942  |o snkSE 4477/5 D1  |i snkKSP 5119/74  |0 0  |1 0  |4 0  |d 2008-02-25  |l 0  |r 2026-02-24 22:22:38  |w 2026-02-24 
952 |a SNK  |b SNK  |y PREZ  |7 0  |p 17A0579671  |o snkSE 4477/5  |i snkKSP 5118/74  |3 rekatalogizácia  |0 0  |1 0  |4 0  |d 2008-02-18  |f 1  |l 0  |r 2026-02-24 22:22:38  |w 2026-02-24